| 000 | 01675cam a22004934i 4500 | ||
|---|---|---|---|
| 003 | PE-LiUPU | ||
| 005 | 20250731173330.0 | ||
| 008 | 150625s1998 sp rb 000 0 spa d | ||
| 020 | _a9788471519085 | ||
| 035 | _a(Sirsi) i9788471519085 | ||
| 040 |
_aPE-LiUPU _bspa _cPE-LiUPU _erda |
||
| 049 | _aPRUA | ||
| 082 | 0 | 4 |
_a227.01 _bS21 _221 |
| 100 | 1 |
_aSanchez Bosch, Jordi, _eautor. |
|
| 245 | 1 | 0 |
_aEscritos paulinos / _cJordi Sánchez Bosch. |
| 250 | _a4a | ||
| 264 | 1 |
_aEstella, Navarra : _bVerbo Divino, _c1998. |
|
| 300 |
_a525 páginas ; _c23 centímetros. |
||
| 336 |
_atext _2rdacontent |
||
| 337 |
_aunmediated _2rdamedia |
||
| 338 |
_avolume _2rdacarrier |
||
| 490 | 1 |
_aIntroducción al estudio de la biblia ; _v7 |
|
| 504 | _aIncluye bibliografía. | ||
| 505 | 0 | _aPablo y sus escritos -- La correspondencia tesalonicense -- Las grandes cartas. | |
| 526 | _aSEG42 | ||
| 526 | _aSEG41 | ||
| 526 | _aSEG40 | ||
| 526 | _aSEG39 | ||
| 526 | _aP94 | ||
| 526 | _aP87 | ||
| 526 | _aP86 | ||
| 526 | _aP85 | ||
| 526 | _aP77 | ||
| 526 | _aP76 | ||
| 526 | _aP35 | ||
| 630 |
_aBiblia. _pN.T. _pEpístolas de Pablo _xIntroducciones. |
||
| 910 |
_bjv _clch _d20090111 |
||
| 942 |
_2ddc _cBOOK |
||
| 949 |
_a227.01 S21 _wDEWEY _c1 _i59252 _d2016-9-28 _e2016-9-27 _lCCODEBUL1 _mBUL _n3 _r0 _sY _tBOOK _u2015-6-25 _xTEOLOGIA _PP35 _0COMPRA _o.STAFF. Colección Teología |
||
| 994 |
_aC0 _bPEPRU |
||
| 596 | _a1 | ||
| 999 |
_a227.01 S21 _wDEWEY _c48039 _i59252 _d48039 _e2016-9-27 _f2021-11-9 _g5 _lCCODEBUL1 _mBUL _n3 _p12.00 _q3 _r0 _sY _tBOOK _u2015-6-25 _xTEOLOGIA _PP35 _0COMPRA _o.STAFF. Colección Teología |
||
| 980 |
_81 _gALBERTO SANCHEZ Responsable de Automatización |
||